000 00327nam a22001457a 4500
008 210310b ||||| |||| 00| 0 eng d
020 _a9780813817330
041 _aeng
080 _26th
_a575
082 _a575
100 _a11
101 _aBIO
245 _aVeterinary Clinical Parasitology
_cSloos,M.W
942 _2udc
_cBK
999 _c56190
_d56190